000 00504 a2200169 4500
020 _a047175045X
020 _a9780471750451
040 _aDLC
_bDLC
082 _a621.381044
100 1 _aLenk, Ron
245 1 0 _aPractical design of power supplies
_cRon Lenk
260 _aHoboken, N.J. :
_bWiley ;
_aPiscataway, N.J. :
_bIEEE Press,
_ccop. 2005
300 _axvii, 267 :
_bill.
500 _aUrsprungligen utg.: New York : McGraw-Hill, 1998
650 0 _aElectric power
942 _cBK
_k621.381044 LEN
_2ddc
999 _c8029
_d8029